| 000 | 00333nmm a2200145 a 4500 | ||
|---|---|---|---|
| 003 | AR-BaBNM | ||
| 005 | 20251128202653.0 | ||
| 008 | 013119s1894 ||||||||||||||000 | spa|| | ||
| 040 | _cAR-BaBNM | ||
| 100 | 1 | _aKufferath, Maurice | |
| 245 | 1 | 0 | _aLe theatre de R. Wagner |
| 260 |
_a[S.l.] _bSchott _c1894 |
||
| 942 | _cBK | ||
| 998 | _cJacobzon | ||
| 999 |
_c59 _d59 |
||